|
|
|
|
| LEADER |
00644nab a2200181 i 4500 |
| 001 |
publ19084 |
| 005 |
20200702110732.0 |
| 008 |
200702s2020 hu o 0|| zxx d |
| 022 |
|
|
|a 2297-6167
|
| 024 |
7 |
|
|a 31365082
|2 mtmt
|
| 040 |
|
|
|a SZTE Publicatio Repozitórium
|b hun
|
| 041 |
|
|
|a zxx
|
| 100 |
1 |
|
|a Monok István
|
| 245 |
1 |
0 |
|a Humanisme monacal et littérature de piété au début du XVIe siècle
|h [elektronikus dokumentum] /
|c Monok István
|
| 260 |
|
|
|c 2020
|
| 300 |
|
|
|a 45-55
|
| 490 |
0 |
|
|a Revue d'histoire du protestantisme
|v 5 No. 1
|
| 856 |
4 |
0 |
|u http://publicatio.bibl.u-szeged.hu/19084/1/2020_Humanisme_monacal_litter_piete.pdf
|z Dokumentum-elérés
|